000 00448nmm a2200157Ia 4500
008 251105s9999||||xx |||||||||||||||||und||
020 _a9789561413856
041 _aspa
100 _aVogt, Francisca
245 0 _aAnimales chilenos con cuento
264 _a[Santiago de Chile, Chile] :
_bEdiciones UC,
_c2015
300 _a43 páginas
650 _aAges 9-12 Years Old
856 _uhttps://public.digitaliapublishing.com/a/38215
942 _cCF
999 _c94165
_d94165